Ασσύριοι : οι κατακτητές της Μεσοποταμίας
Saved in:
| Main Author: | |
|---|---|
| Other Authors: | |
| Format: | Book |
| Language: | Greek French |
| Published: |
[Αθήνα] :
Εφημ. Καθημερινή,
c2007.
|
| Series: | Μεγάλοι πολιτισμοί. Βιβλιοθήκη τέχνης (Εφημ. Η Καθημερινή)
; 16 |
| Subjects: | |
| Tags: |
Add Tag
No Tags, Be the first to tag this record!
|
MARC
| LEADER | 00000cam a2200000 a 4500 | ||
|---|---|---|---|
| 001 | 1/119505 | ||
| 008 | 190709s2007####gr | ||| |||| ||gre|| | ||
| 020 | |a 9789606782107 |q (σκληρό εξώφυλλο) | ||
| 040 | |a GR-MyUa |b gre |c GR-MyUa |e AACR2 | ||
| 041 | 1 | |a gre |h fre |k ita | |
| 082 | 7 | |a 709 |2 (23) | |
| 082 | 7 | |a 935.03 |2 (22) | |
| 100 | 1 | |a Parrot, André, |d 1901-1980. | |
| 245 | 1 | 0 | |a Ασσύριοι : |b οι κατακτητές της Μεσοποταμίας / |c Αντρέ Παρό ; [συντονισμός έκδοσης: Βασίλης Μηνακάκης ; μετάφραση από την Ιταλική έκδοση: Ελένη Τουλούμη ; επιμέλεια - διόρθωση: Αλεξάνδρα Σφυρή]. |
| 260 | |a [Αθήνα] : |b Εφημ. Καθημερινή, |c c2007. | ||
| 300 | |a 318, [1] σ. : |b εικ. (ορισμένες έγχρ.), φωτ., χάρτ. ; |c 24 εκ. | ||
| 490 | 1 | |a (Μεγάλοι πολιτισμοί. Βιβλιοθήκη τέχνης / Εφημ. Η Καθημερινή ; |v 16) | |
| 500 | |a Προσφορά της εφημερίδας "Καθημερινή" Μεγάλοι Πολιτισμοί. Βιβλιοθήκη Τέχνης. | ||
| 500 | |a Τίτλος πρωτοτύπου : Assur, Paris : Gallimard, 1961. | ||
| 504 | |a Βιβλιογραφία : σ. 295-315. | ||
| 504 | |a Ευρετήριο : σ. 316-318. | ||
| 650 | 0 | |a Art |x History. | |
| 650 | 0 | |a Art, Assyro-Babylonian. | |
| 651 | 0 | |a Assyria |x History |x Sources. | |
| 651 | 0 | |a Mesopotamia |x Antiquities. | |
| 700 | 1 | |a Τουλούμη, Ελένη, |e trlf | |
| 830 | 0 | |a Μεγάλοι πολιτισμοί. |p Βιβλιοθήκη τέχνης (Εφημ. Η Καθημερινή) |v ; 16 | |
| 852 | |a INST |b LEMNOS |e 20190709 |h 709 PAR |p 005600002066 |q 005600002066 |t BK |y 0 | ||
| 852 | |a INST |b RHODES |e 20210921 |h 935.02 PAR |p 005400042248 |q 005400042248 |t BK |y 0 | ||
| 970 | |a Πανταζή |b Αντωνία |z 09/07/2019 | ||